ప్రపంచ ఆనవాలు పెంకు పరీక్ష - Statistics

General Stats
  • This quiz has been taken 8 times
  • The average score is 30 of 45
Answer Stats
Question Tile Select % Correct
వీటిలో ఏ ఆనవాళ్లు భారతదేశంలో ఉన్నాయి? Yes
100%
వీటిలో ఏ ఆనవాళ్లు భారతదేశంలో ఉన్నాయి? Yes
100%
వీటిలో ఏ ఆనవాళ్లు భారతదేశంలో ఉన్నాయి? Yes
100%
వీటిలో ఏ ఆనవాళ్లు భారతదేశంలో ఉన్నాయి? No
80%
వీటిలో ఏ ఆనవాళ్లు భారతదేశంలో ఉన్నాయి? Yes
80%
వీటిలో ఏ ఆనవాళ్లు భారతదేశంలో ఉన్నాయి? No
80%
వీటిలో ఏ ఆనవాళ్లు చీనాలో ఉన్నాయి? No
80%
వీటిలో ఏ ఆనవాళ్లు చీనాలో ఉన్నాయి? No
80%
వీటిలో ఏ ఆనవాళ్లు చీనాలో ఉన్నాయి? No
80%
వీటిలో ఏ ఆనవాళ్లు చీనాలో ఉన్నాయి? No
80%
వీటిలో ఏ ఆనవాళ్లు చీనాలో ఉన్నాయి? No
80%
వీటిలో ఏ ఆనవాళ్లు చీనాలో ఉన్నాయి? Yes
80%
వీటిలో ఏ ఆనవాళ్లు ఇటలీలో ఉన్నాయి? No
80%
వీటిలో ఏ ఆనవాళ్లు ఆంగ్లదేశంలో ఉన్నాయి? Yes
80%
వీటిలో ఏ ఆనవాళ్లు ఆంగ్లదేశంలో ఉన్నాయి? Yes
80%
వీటిలో ఏ ఆనవాళ్లు ఆంగ్లదేశంలో ఉన్నాయి? No
80%
వీటిలో ఏ ఆనవాళ్లు ఆంగ్లదేశంలో ఉన్నాయి? No
80%
వీటిలో ఏ ఆనవాళ్లు సంయుక్త రాష్ట్రాలలో (అమెరికా) ఉన్నాయి? No
80%
వీటిలో ఏ ఆనవాళ్లు సంయుక్త రాష్ట్రాలలో (అమెరికా) ఉన్నాయి? No
80%
వీటిలో ఏ ఆనవాళ్లు సంయుక్త రాష్ట్రాలలో (అమెరికా) ఉన్నాయి? No
80%
వీటిలో ఏ ఆనవాళ్లు సంయుక్త రాష్ట్రాలలో (అమెరికా) ఉన్నాయి? No
80%
వీటిలో ఏ ఆనవాళ్లు భారతదేశంలో ఉన్నాయి? No
60%
వీటిలో ఏ ఆనవాళ్లు భారతదేశంలో ఉన్నాయి? No
60%
వీటిలో ఏ ఆనవాళ్లు భారతదేశంలో ఉన్నాయి? No
60%
వీటిలో ఏ ఆనవాళ్లు చీనాలో ఉన్నాయి? Yes
60%
వీటిలో ఏ ఆనవాళ్లు చీనాలో ఉన్నాయి? Yes
60%
వీటిలో ఏ ఆనవాళ్లు చీనాలో ఉన్నాయి? Yes
60%
వీటిలో ఏ ఆనవాళ్లు ఇటలీలో ఉన్నాయి? Yes
60%
వీటిలో ఏ ఆనవాళ్లు ఇటలీలో ఉన్నాయి? No
60%
వీటిలో ఏ ఆనవాళ్లు ఇటలీలో ఉన్నాయి? Yes
60%
వీటిలో ఏ ఆనవాళ్లు ఇటలీలో ఉన్నాయి? No
60%
వీటిలో ఏ ఆనవాళ్లు ఇటలీలో ఉన్నాయి? Yes
60%
వీటిలో ఏ ఆనవాళ్లు ఇటలీలో ఉన్నాయి? No
60%
వీటిలో ఏ ఆనవాళ్లు ఇటలీలో ఉన్నాయి? No
60%
వీటిలో ఏ ఆనవాళ్లు ఆంగ్లదేశంలో ఉన్నాయి? No
60%
వీటిలో ఏ ఆనవాళ్లు ఆంగ్లదేశంలో ఉన్నాయి? No
60%
వీటిలో ఏ ఆనవాళ్లు ఆంగ్లదేశంలో ఉన్నాయి? Yes
60%
వీటిలో ఏ ఆనవాళ్లు సంయుక్త రాష్ట్రాలలో (అమెరికా) ఉన్నాయి? Yes
60%
వీటిలో ఏ ఆనవాళ్లు సంయుక్త రాష్ట్రాలలో (అమెరికా) ఉన్నాయి? Yes
60%
వీటిలో ఏ ఆనవాళ్లు సంయుక్త రాష్ట్రాలలో (అమెరికా) ఉన్నాయి? Yes
60%
వీటిలో ఏ ఆనవాళ్లు ఇటలీలో ఉన్నాయి? Yes
40%
వీటిలో ఏ ఆనవాళ్లు ఆంగ్లదేశంలో ఉన్నాయి? No
40%
వీటిలో ఏ ఆనవాళ్లు ఆంగ్లదేశంలో ఉన్నాయి? Yes
40%
వీటిలో ఏ ఆనవాళ్లు సంయుక్త రాష్ట్రాలలో (అమెరికా) ఉన్నాయి? Yes
20%
వీటిలో ఏ ఆనవాళ్లు సంయుక్త రాష్ట్రాలలో (అమెరికా) ఉన్నాయి? No
0%
No matching quizzes found
Score Distribution
Percent of People with Each Score
Percentile by Number Answered
Your Score History
You have not taken this quiz